000
00327nam a22001337a 4500
008
181031b xxu||||| |||| 00| 0 eng d
020
_a
9780205352319
041
_a
eng
080
_2
6th
_a
316
100
_a
50
101
_a
SOC
245
_a
Techniques and Guidelines for Social Work Practice
_c
Sheafor,B.W
942
_2
udc
_c
BK
999
_c
51289
_d
51289